1435 1305 1751 1489 1169 1046 1518 1470 1267 1509 1052 1528 1671 1193 1362 1182 1313 1895 1094 1237 1696 1137 1633 1566 1067 1121 1711 1850 1367 1031 1094 1527 1700 1470 1806 1058 1993 1715 1804 1526 1356 1990 1297 1448 1883 1394 1692 1384 1343 1186 1563 1650 1440 1180 1646 1113 1354 1068 1943 1315 1995 1803 1631 1077 1041 1121 1508 1159 1136 1191 1045 1784 1408 1051 1368 1176 1076 1048 1165 1681 1390 1811 1574 1846 1309 1492 1342 1756 1128 1101 1173 1860 1257 1958 1035 1629 1440 1323 1410 BCNSPRNW ULIB Ver.6.0+V

เปลี่ยนเป็นภาษาไทย

Change to English
 แสดงรายละเอียดบรรณานุกรม
  กลับหน้าหลัก

Brief Record : Get Marc (ISO 2709) : E-mail record : QR code < ปิดหน้าต่าง
LEADER : 00000nam 2200000uu 4500
001    13399126278
003     ULIB
008    020711s2560 th a 000 0 tha d
020    ^a9786164380028
060    ^aWV250^bห618ห
100    ^aขวัญชนก ยิ้มแต้
245    ^aหูชั้นใน=The Inner Ear
260    ^aขอนแก่น :^bภาควิชาโสต ศอ นาสิกวิทยา คณะแพทยศาสตร์ มหาวิทยาลัยขอนแก่น,^c2560
650    ^aหู
650    ^aหูชั้นใน
650    ^aหู--โรค--การรักษา
945    ^p0^l0^i004486
945    ^p300^l0^i004484
945    ^p0^l0^i004485
945    ^p300^l0^i005106
945    ^p300^l0^i005104
945    ^p300^l0^i005105
999    ^aประนอม เกษจรัล
รายการนี้ยังไม่มีแท็ก
คุณยังไม่ได้ล็อกอิน คุณสามารถมีกิจกรรมร่วมกับเว็บไซต์ได้ แต่ต้องล็อกอินก่อน ::
  ล็อกอิน

รายการสื่อสารสนเทศ

ลำดับที่ ประเภท เลขเรียก/บาร์โค้ด สถานที่ สถานะ
1. วิทยาศาสตร์การแพทย์ และสุขภาพ
หนังสือสำรอง
สถานะ=หนังสือสำรอง
WV250 ห618ห ฉ.1 
  Barcode: 004484
ห้องสมุดวิทยาเขตสวรรค์ประชารักษ์
►หนังสือทั่วไป
บนชั้น
2. วิทยาศาสตร์การแพทย์ และสุขภาพ
วิทยาศาสตร์การแพทย์ และสุขภาพ
WV250 ห618ห ฉ.2 
  Barcode: 004485
ห้องสมุดวิทยาเขตสวรรค์ประชารักษ์
►หนังสือทั่วไป
บนชั้น
3. วิทยาศาสตร์การแพทย์ และสุขภาพ
วิทยาศาสตร์การแพทย์ และสุขภาพ
WV250 ห618ห ฉ.3 
  Barcode: 004486
ห้องสมุดวิทยาเขตสวรรค์ประชารักษ์
►หนังสือทั่วไป
บนชั้น
4. วิทยาศาสตร์การแพทย์ และสุขภาพ
วิทยาศาสตร์การแพทย์ และสุขภาพ
WV250 ห618ห ฉ.4 
  Barcode: 005104
ห้องสมุดวิทยาเขตสวรรค์ประชารักษ์
►หนังสือทั่วไป
บนชั้น
5. วิทยาศาสตร์การแพทย์ และสุขภาพ
วิทยาศาสตร์การแพทย์ และสุขภาพ
WV250 ห618ห ฉ.5 
  Barcode: 005105
ห้องสมุดวิทยาเขตสวรรค์ประชารักษ์
►หนังสือทั่วไป
บนชั้น
6. วิทยาศาสตร์การแพทย์ และสุขภาพ
วิทยาศาสตร์การแพทย์ และสุขภาพ
WV250 ห618ห ฉ.6 
  Barcode: 005106
ห้องสมุดวิทยาเขตสวรรค์ประชารักษ์
►หนังสือทั่วไป
บนชั้น

รายการใกล้เคียง
    ชื่อเรื่อง [หูชั้นใน=The Inner Ear]

    หัวเรื่อง [หู]
    หัวเรื่อง [หูชั้นใน]
    หัวเรื่อง [หู--โรค--การรักษา]

BibComment


ยังไม่เคยถูกคอมเมนท์

คอมเมนท์ทรัพยากรรายการนี้
  คอมเมนท์: หูชั้นในThe Inne..


 Copyright 2026. Bcnsprnw @Library